| 000 | 00846nam a2200229Ia 4500 | ||
|---|---|---|---|
| 003 | IN-BaIIA | ||
| 008 | 211028s9999 xx 000 0 eng d | ||
| 020 | _a90-277-0576-3 | ||
| 040 | _cIIA Library | ||
| 080 |
_a082.2:52 _bIAU-S68 |
||
| 111 |
_aInternational Astronomical Union Symposium _n68th _cBuenos Aires, Argentina _d1974 Jun. 11-14 _98509 |
||
| 245 | 0 |
_aSolar gamma, x-, and euv radiation _bproceedings of the IAU symposium no. 68, held in Buenos Aires, Argentina, June 11-14, 1974 _cedited by Sharad R. Kane |
|
| 260 |
_aDordrecht _bD. Reidel Publishing _c1975 |
||
| 300 | _axii, 439p. | ||
| 490 | _aIAU Symposium; no. 68 | ||
| 650 | _aAstronomy and Astrophysics Thesaurus | ||
| 650 |
_aGamma rays astronomy _98510 |
||
| 650 | _aSolar physics | ||
| 650 |
_aX-ray astronomy _97473 |
||
| 700 |
_aKane, Sharad R., ed. _98511 |
||
| 942 | _cBK | ||
| 999 |
_c4785 _d4785 |
||